1089 1917 1897 1670 1824 1605 1501 1731 1461 1936 1003 1808 1064 1648 1190 1260 1454 1353 1819 1002 1285 1140 1267 1716 1309 1600 1484 1886 1172 1753 1965 1642 1189 1769 1019 1652 1378 1091 1664 1374 1458 1285 1382 1491 1705 1917 1257 1086 1555 1456 1626 1879 1899 1649 1777 1535 1997 1176 1992 1934 1911 1365 1409 1615 1307 1537 1177 1938 1386 1639 1609 1397 1995 1986 1240 1682 1768 1319 1499 1140 1004 1740 1093 1259 1264 1641 1072 1480 1611 1052 1383 1001 1783 1327 1254 1087 1144 1441 1505 BCNSPRNW ULIB Ver.6.0+V

เปลี่ยนเป็นภาษาไทย

Change to English
 แสดงรายละเอียดบรรณานุกรม
  กลับหน้าหลัก

Brief Record : Get Marc (ISO 2709) : E-mail record : QR code < ปิดหน้าต่าง
LEADER : 00000nam 2200000uu 4500
001    13399110562
003     ULIB
008    110603s2553||||th 000 0 tha d
020    9789744140968 (ล.1)
050  4 GV1493^bค333ก 2552 ล.1
100 1  คาเปลลา
245 10 เกมอัจฉริยะ ^nเล่ม1=^bIQ puzzles /^cCapella ; ผู้แปล, ปฏิพล ตั้งจักรวรานนท์ ; ผู้เรียบเรียง, ธนิกานต์ มาฆะศิรานนท์
246 31 IQ puzzles
250    พิมพ์ครั้งที่ 1
260    กรุงเทพฯ :^bบิสคิต,^c2552-2553
300     เล่ม1 = 134 หน้า :^bภาพประกอบ ;^c21 ซม.
650  7 ปริศนา
650  7 เกม
650  7 คณิตศาสตร์นันทนาการ
650  7 ตรรกวิทยา
650  7 แบบทดสอบสติปัญญา
700 1  Capella.^tIQ puzzles
700 0  ปฏิพล ตั้งจักรวรานนท์,^eผู้แปล
700 0  ธนิกานต์ มาฆะศิรานนท์,^eผู้เรียบเรียง
945    ^p125^l0^i18202
995    เกษร
999    ^aใช้งานได้ทุกระบบ
รายการนี้ยังไม่มีแท็ก
คุณยังไม่ได้ล็อกอิน คุณสามารถมีกิจกรรมร่วมกับเว็บไซต์ได้ แต่ต้องล็อกอินก่อน ::
  ล็อกอิน

รายการสื่อสารสนเทศ

ลำดับที่ ประเภท เลขเรียก/บาร์โค้ด สถานที่ สถานะ
- ไม่พบข้อมูล -

รายการใกล้เคียง
    ผู้แต่ง [คาเปลลา]

    หัวเรื่อง [ปริศนา]
    หัวเรื่อง [เกม]
    หัวเรื่อง [คณิตศาสตร์นันทนาการ]
    หัวเรื่อง [ตรรกวิทยา]
    หัวเรื่อง [แบบทดสอบสติปัญญา]

BibComment


ยังไม่เคยถูกคอมเมนท์

คอมเมนท์ทรัพยากรรายการนี้
  คอมเมนท์: เกมอัจฉริยะ เล่ม..


 Copyright 2026. Bcnsprnw @Library